| 000 | 01256cam a22003137a 4500 | ||
|---|---|---|---|
| 003 | CHAP | ||
| 005 | 20220329142626.0 | ||
| 008 | 020529d2001 mx r 00110 spa d | ||
| 010 | _a85810 | ||
| 011 | _a86782 | ||
| 035 | _a97322 | ||
| 040 | _cCHAP | ||
| 090 | _aFolleto 14342 | ||
| 111 | 0 | 0 |
_aSimposio la Agricultura y la Agronomia en Mexico. su Historia Reciente _n(3 : _d2001 : _cChapingo, Méx.) _9106303 |
| 245 | 1 | 0 |
_aResúmenes _c/por Centro de Investigaciones Económicas, sociales y Tecnológicas de la Agroindustria y la Agricultura Mundial. Programa de Investigaciones Históricas |
| 260 |
_aChapingo, Méx. : _bUACH. Centro de Investigaciones Económicas, Sociales y Tecnológicas de la Agroindustria y la Agricultura Mundial, _c2001 |
||
| 300 | _a60 p. | ||
| 590 |
_aBATCH-UPD _b10 _c20130110 _lUCH01 _h0729 |
||
| 590 |
_aBATCH-UPD _b10 _c20130410 _lUCH01 _h0412 |
||
| 590 |
_aBATCH-UPD _b10 _c20130913 _lUCH01 _h2053 |
||
| 590 |
_aCONVERSION _b10 _c20130109 _lUCH01 _h1348 |
||
| 650 | 1 | 4 |
_aAgricultura _xHistoria. _91507 |
| 650 | 1 | 4 |
_aAgricultura _xHistoria _xMéxico. _91521 |
| 650 | 1 | 4 |
_aAgricultura _zMéxico. _91932 |
| 901 | _aBK | ||
| 905 | _aMarco A. Mendoza T. | ||
| 942 | _cFOLL | ||
| 949 |
_aFolleto 14342 _bBC _cUACH _d973221 _eUACH _i97322 _sb |
||
| 999 |
_c85810 _d85810 |
||